Name the sport from the venue - Statistics

General Stats
  • This quiz has been taken 88 times
  • The average score is 10 of 15
Answer Stats
Venue Sport % Correct
Camp Nou Football
99%
Roland Garros Tennis
94%
Twickenham Rugby League
86%
Wrigley Field Baseball
83%
The Gabba Cricket
77%
Interlagos Motorsport
75%
St Andrews Golf
69%
Beaver Stadium American Football
53%
Aintree Horse racing
53%
Mont Ventoux Cycling
52%
Chamrousse Skiing
51%
Dorney Lake Rowing
46%
Ryōgoku Kokugikan Sumo
43%
The Crucible Snooker
42%
Croke Park Gaelic games
38%
No matching quizzes found
Score Distribution
Percent of People with Each Score
Percentile by Number Answered
Your Score History
You have not taken this quiz